কৌটিল্যের অর্থশাস্ত্র / (Record no. 11551)
[ view plain ]
| 000 -LEADER | |
|---|---|
| fixed length control field | 00910nam a2200253 a 4500 |
| 001 - CONTROL NUMBER | |
| JCCL Control Number | 11551 |
| 003 - CONTROL NUMBER IDENTIFIER | |
| JCCL marc code | BD-JhCC |
| 005 - DATE AND TIME OF LATEST TRANSACTION | |
| control field | 20200328125146.0 |
| 008 - FIXED-LENGTH DATA ELEMENTS--GENERAL INFORMATION | |
| fixed length control field | 200325s20152019b |||| |||| 000 0 ben d |
| 020 ## - INTERNATIONAL STANDARD BOOK NUMBER | |
| International Standard Book Number | 9789849080657 |
| 035 ## - SYSTEM CONTROL NUMBER | |
| system control number | (BD-JhCC)11551 |
| 040 ## - CATALOGING SOURCE | |
| Original cataloging agency | BD-JhCC |
| Modifying agency | BD-JhCC |
| 041 ## - LANGUAGE CODE | |
| Language code of Book | ben |
| 082 ## - DEWEY DECIMAL CLASSIFICATION NUMBER | |
| Classification number | 320.954 |
| Author mark and Year | RAZ 2019 |
| 100 ## - MAIN ENTRY--PERSONAL NAME | |
| Personal name | রাজ্জাক, মানিক মোহাম্মদ |
| 245 ## - TITLE STATEMENT | |
| Title | কৌটিল্যের অর্থশাস্ত্র / |
| Statement of responsibility, etc | মানিক মোহাম্মদ রাজ্জাক |
| 260 ## - PUBLICATION, DISTRIBUTION, ETC. (IMPRINT) | |
| Place of publication, distribution, etc | ঢাকা : |
| Name of publisher, distributor, etc | নালন্দা, |
| Date of publication, distribution, etc | ২০১৯ |
| 300 ## - PHYSICAL DESCRIPTION | |
| Pagination | ৫২৬ পৃ. : |
| Dimensions | ২১ সেমি. |
| 500 ## - GENERAL NOTE | |
| General note | গ্রন্থপঞ্জি অর্ন্তভূক্ত |
| 650 ## - SUBJECT ADDED ENTRY--TOPICAL TERM | |
| Topical term or geographic name as entry element | Arthashastra (Kauṭalya) |
| 650 ## - SUBJECT ADDED ENTRY--TOPICAL TERM | |
| Topical term or geographic name as entry element | Industrial management |
| 650 ## - SUBJECT ADDED ENTRY--TOPICAL TERM | |
| Topical term or geographic name as entry element | Politics and government |
| Geographic subdivision | India |
| 942 ## - ADDED ENTRY ELEMENTS (KOHA) | |
| Source of classification or shelving scheme | Dewey Decimal Classification |
| Koha item type | Books |
| Source of classification or shelving scheme | Damaged status | Not for loan | Home library | Current library | Shelving location | Date of accession | Cost, normal purchase price | Total Checkouts | Full call number | Barcode | Date last seen | Copy number | Koha item type |
|---|---|---|---|---|---|---|---|---|---|---|---|---|---|
| Dewey Decimal Classification | JCC Rouf Library | JCC Rouf Library | General Stacks | 03/28/2020 | 749.00 | 320.954 RAZ 2019 | 15781 | 03/28/2020 | C-1 | Books |